Kursus percukaian dan pengenaan premium harta tanah : 17 - 20 Mei 2010

Bibliographic Details
Corporate Authors: Kursus percukaian dan pengenaan premium harta tanah, INSPEN ( Institut Penilaian Negara )
Format: Book
Language:Malay
Published: Bangi : Institut Penilaian Negara , 2010
Subjects:

MARC

LEADER 00000cam a2200000 7i4500
001 0000022997
005 20110127.0
008 110127 my a may
040 |a INS 
090 0 0 |a J137 
110 1 |a Kursus percukaian dan pengenaan premium harta tanah ,   |d 2010 17 - 20 Mei   |c INSPEN, Bangi 
245 0 0 |a Kursus percukaian dan pengenaan premium harta tanah :   |b 17 - 20 Mei 2010   |c Anjuran Pusat Penilaian dan Perkhidmatan Harta, INSPEN 
260 |a Bangi :   |b Institut Penilaian Negara ,   |c 2010 
300 |a 1v. (Various pagings) :   |b ill. ;   |c 30 cm. 
650 0 |a Real property and taxation   |z Malaysia 
710 1 |a INSPEN ( Institut Penilaian Negara ) 
999 |a J000000283   |b BOOK   |c Course Notes   |e Default branch 
999 |a J000000284   |b BOOK   |c Course Notes   |e Default branch